| 000 | 00548nam a22001937a 4500 | ||
|---|---|---|---|
| 003 | NUST-PNEC | ||
| 005 | 20170116180708.0 | ||
| 008 | 141001b xxu||||| |||| 00| 0 eng d | ||
| 020 | _a8123901380 | ||
| 040 | _cPNEC | ||
| 082 | _a669.020 PAT | ||
| 100 |
_9456 _aPathak, D.N. |
||
| 245 |
_aMetals handbook: Metals and Metallurgical Process VOL-1 _bFerrous Metals _cD. N. Pathak |
||
| 260 |
_aNew Delhi _bCBS Publishers & Distributors _cc1992. |
||
| 300 |
_a360 p. : _bill. ; _c24 cm. |
||
| 500 | _aIncludes Index | ||
| 650 | _xME | ||
| 942 |
_2ddc _cBK |
||
| 999 |
_c60844 _d60844 |
||